Herrn von Buffons Naturgeschichte der Vögel. Siebenter Band

Main Author: Buffon, Georges-Louis Leclerc, comte de, 1707-1788
Language: German
Published: Brünn : gedruckt bei Joseph Georg Traßler, 1788
Online Access: Digitalizovaný dokument (Exemplář z Bavorské národní knihovny)
Physical Description: 482 stran, 10 nečíslovaných stran, 48 nečíslovaných příloh ; 8°
Book
Saved in:
LEADER 02601nam a2200577 i 4500
001 mzk03001264639
003 CZ BrMZK
005 20190911115529.0
007 ta
008 190911s1788 xr f fr|||||00| ||gerod
040 |a BOA001  |b cze  |e rda 
072 7 |a 59  |x Zoologie  |2 Konspekt  |9 2 
072 7 |a 094  |x Staré tisky  |2 Konspekt  |9 12 
080 |a 59  |2 MRF 
080 |a 598.2  |2 MRF 
080 |a 025.171  |2 MRF 
080 |a (0.068)094  |2 MRF 
100 1 |a Buffon, Georges-Louis Leclerc,  |c comte de,  |d 1707-1788  |7 jn19990210135  |4 aut 
245 1 0 |a Herrn von Buffons Naturgeschichte der Vögel.  |n Siebenter Band 
246 3 8 |a Buffons Nat-geschich. der, Vögel 7. Band 
246 3 3 |a Naturgeschichte der Vögel 
264 1 |a Brünn :  |b gedruckt bei Joseph Georg Traßler,  |c 1788 
264 3 |b und im Verlage F. A. Schrämbls 
300 |a 482 stran, 10 nečíslovaných stran, 48 nečíslovaných příloh ;  |c 8° 
336 |a text  |b txt  |2 rdacontent 
337 |a bez média  |b n  |2 rdamedia 
338 |a svazek  |b nc  |2 rdacarrier 
500 |a Rozsah: 482, [10] s., [48] příl. 
500 |a Výzdoba: Na titulním listu nad impresem trojlinka, dvojlinka, jednoduché linky, ozdobné linky, dvojlinky, iniciály, vnitřní titulní list, složené mědirytinové přílohy (ptáci) 
561 |a Provenience: [m.p.] Monasterii Braunensis O. S. B. 
561 |a Provenience: [razítko] S.A.B. BRAUNAU 
561 |a Provenience: [razítko] SVK HK/3708 
563 |a Původní polousňová vazba, lepenkové desky polepené mramorovaným papírem, rohy a hřbet usní potažené hovězinou, ořízka stříkaná červeně, hřbet zdobený zlacenými florálními linkami a dekorem, na hřbetě zlacený nápisový štítek 
650 7 |a zoologie  |7 ph116787  |2 czenas 
650 7 |a ptáci  |7 ph115956  |2 czenas 
650 7 |a historické knihovní fondy  |7 ph172933  |2 czenas 
655 7 |a staré tisky  |7 fd422076  |2 czenas 
740 0 2 |a Herrn von Buffons Naturgeschichte der Vögel 
856 4 2 |u https://reader.digitale-sammlungen.de/de/fs1/object/display/bsb10075157_00007.html  |y Digitalizovaný dokument  |z Exemplář z Bavorské národní knihovny 
903 |a RP 
910 |a NAG950  |b B - XVIII. E. aa. 8,9 
978 |b Trassler, Josef Jiří  |a Brno  |c 1788 
978 |b Trassler, Josef Jiří  |a Brno  |c 1788 
978 |b Schrämbl, Franz Anton  |a Brno  |c 1788 
982 0 |a Broumov - benediktinský klášter 
982 0 |a Hradec Králové - SVK 
984 |a Brno  |b Česko 
985 |a 1751-1800 
990 |a BK 
991 |k broumov 
980 |c 003510  |g B - XVIII. E. aa. 8,9  |1 458950003510  |p XVIII. F. 5